| 000 | 00757nam a22002537a 4500 | ||
|---|---|---|---|
| 999 |
_c7328 _d7328 |
||
| 001 | 4386 | ||
| 003 | BD-DhUAP | ||
| 005 | 20210119125957.0 | ||
| 008 | 201125s1995 moua b 001 0 eng | ||
| 020 | _a0697242501 | ||
| 040 |
_aDLC _cDLC _dBD-DhUAP _bEng |
||
| 082 | 0 | 0 |
_223 _a590 HIC |
| 100 | 1 | _aHickman, Cleveland P. | |
| 245 | 1 | 0 |
_aIntegrated principles of zoology / _cCleveland P. Hickman, Larry S. Roberts and Allan Larson. |
| 250 | _a9th ed. | ||
| 260 |
_aDubuque : _bWm. C. Brown, _cc1995. |
||
| 300 |
_avi, 71 pages : _billustrations ; _c29 cm. |
||
| 500 | _aStudent study art notebook. | ||
| 504 | _aIncludes bibliographies and index. | ||
| 650 | 0 | _aZoology. | |
| 700 | 1 | _aRoberts, Larry S. | |
| 700 | 1 | _aLarson, Allan. | |
| 942 |
_2ddc _cBK |
||